000 00610nam a22001937a 4500
003 OSt
005 20250718062538.0
008 250718b |||||||| |||| 00| 0 eng d
020 _a978-1-98468-579-7
040 _aDWC-Main Lib
_cOC
082 _aRes. 006.6 T531b 2024
110 _a3G E-Learning LLC
245 _aBasics of computer graphics/
_c3G E-Learning LLC
260 _aNew York :
_b3G E- Learning LLC,
_cc2024.
300 _a156 pages :
_bcolor illustrations ;
_c26cm.
504 _aIncludes bibliographical references and index.
650 _a1. Computer graphics
942 _2ddc
_cBK-0 CIRC
_kRes.
_n0
999 _c3767
_d3767